A büntetőügyi mediációs eljárás

Elmentve itt :
Bibliográfiai részletek
Szerző: Faulháber Gyöngyvér
További közreműködők: Rúzs-Molnár Krisztina (Témavezető)
Dokumentumtípus: Szakdolgozat
Megjelent: 2023
Tárgyszavak:
Law
Online Access:http://diploma.bibl.u-szeged.hu/138741
LEADER 00711nta a2200193 i 4500
001 dipl138741
005 20240423201014.0
008 240423s2023 hu om 000 hun d
040 |a SZTE Diploma Repozitórium  |b hun 
041 |a hun 
100 1 |a Faulháber Gyöngyvér 
245 1 2 |a A büntetőügyi mediációs eljárás  |h [elektronikus dokumentum] /  |c Gyöngyvér Faulháber 
246 1 0 |a The criminal law mediation process  |h [elektronikus dokumentum] 
260 |c 2023 
650 4 |a Jogi és igazgatási tanulmányok 
650 4 |a Social sciences 
650 4 |a Law 
700 0 2 |a Rúzs-Molnár Krisztina  |e ths 
856 4 0 |u https://diploma.bibl.u-szeged.hu/id/eprint/138741/1/2023_faulhaber_gyongyver.pdf  |z Dokumentum-elérés